000 00836nam a2200241 i 4500
001 170631
003 ES-MaACL
005 20250819002059.0
008 090325s1953 sp |||| | spa d
080 _a27-23
130 0 _aBiblia.
_lEspañol
_9119282
245 1 0 _aSagrada Biblia /
_cversión directa de las lenguas originales por Eloíno Nácar Fuster y Alberto Colunga ; prólogo de Gaetano Cicognani.
250 _a5ª ed.
260 _aMadrid :
_bEditorial Católica,
_c1953.
300 _a1583 p. ;
_c20 cm.
490 1 _aBiblioteca de autores cristianos ;
_v1
700 1 _aNácar Fuster, Eloíno.
_9139697
700 0 _aColunga Cueto, Alberto.
_939913
700 1 _aCicognani, Gaetano.
_938754
830 0 0 _aBiblioteca de autores cristianos
_v1
_9178679
852 _aES-MaACL
_jJ-1
_9R.46092
999 _c170631
_d170631